000 00593nam a2200229Ia 4500
003 OSt
005 20221005114242.0
006 a|||||r|||| 00| 0
007 ta
008 221004b |||||||| |||| 00| 0 guj d
024 _a45970
037 _cTextual
040 _aCRL
_cCRL
_bguj
041 _2guj
_aguj
082 _aY73P15:1, 156J3
100 _aShastri Durgasankar
_9625673
245 0 _aApni sanskritiano ketlock vaheno
260 _c1968
650 _aSOCIOLOGY
942 _hY73P15:1, 156J3
_cTEXL
_2cc
999 _c1030758
_d1030758